[Event "Minsk Bronstein 100 Memorial op"]
[Site "Minsk"]
[Date "2024.02.18"]
[Round "9"]
[White "Kovalev, Andrei"]
[Black "Zeliantsova, Kseniya"]
[Result "1-0"]
[WhiteElo "2432"]
[BlackElo "1860"]
[PlyCount "47"]
[EventDate "2024.02.17"]
[EventType "swiss"]
[EventRounds "10"]
[EventCountry "BLR"]
[SourceTitle "CB08_2024"]
[SourceDate "2024.02.21"]
[SourceVersion "1"]
[SourceVersionDate "2024.02.21"]
[SourceQuality "1"]

1. e4 d6 2. d4 Nf6 3. Nc3 g6 4. Be3 Bg7 5. Nf3 0-0 6. h3 c6 7. a4 Qc7 8. a5 e5 9. dxe5 dxe5 10. Bc4 Nbd7 11. 0-0 b5 12. axb6 Nxb6 13. Bb3 Bb7 14. Bc5 Rfd8 15. Qe2 h6 16. Rfd1 Nh5 17. Rxd8+ Qxd8 18. Rd1 Qc8 19. Qe3 Nd7 20. Bxa7 c5 21. Nb5 Bf8 22. Bxf7+ Kxf7 23. Rxd7+ Kg8 24. Rc7 1-0

[Event "Minsk Bronstein 100 Memorial op"]
[Site "Minsk"]
[Date "2024.02.18"]
[Round "8"]
[White "Zeliantsova, Kseniya"]
[Black "Spizharny, Mikhail"]
[Result "0-1"]
[WhiteElo "1860"]
[BlackElo "2295"]
[PlyCount "100"]
[EventDate "2024.02.17"]
[EventType "swiss"]
[EventRounds "10"]
[EventCountry "BLR"]
[SourceTitle "CB08_2024"]
[SourceDate "2024.02.21"]
[SourceVersion "1"]
[SourceVersionDate "2024.02.21"]
[SourceQuality "1"]

1. e4 Nf6 2. e5 Nd5 3. d4 d6 4. c4 Nb6 5. exd6 cxd6 6. Be3 g6 7. Nc3 Bg7 8. Rc1 0-0 9. Nf3 Bg4 10. b3 d5 11. c5 Nc6 12. cxb6 e5 13. Ne2 Bxf3 14. gxf3 exd4 15. Nxd4 Nxd4 16. Bxd4 Qe7+ 17. Be2 Qb4+ 18. Qd2 Qxd2+ 19. Kxd2 Bxd4 20. bxa7 Rxa7 21. a4 b6 22. Rc6 Re8 23. Rd6 Re5 24. Bd3 Bxf2 25. Bb5 Rc7 26. b4 Re3 27. Rf1 Rxf3 28. Ke2 Rf4 29. Rxd5 Rc2+ 30. Rd2 Re4+ 31. Kd3 Rxd2+ 32. Kxd2 Bh4 33. Kc3 Kg7 34. Bd3 Rg4 35. a5 bxa5 36. bxa5 Ra4 37. a6 Ra3+ 38. Kd4 Bf6+ 39. Ke4 Ra4+ 40. Kf3 Be5 41. h3 f5 42. Rb1 Ra3 43. Ke2 h5 44. Rb7+ Kh6 45. Rb6 Ra2+ 46. Kf3 Bd4 47. Rd6 Rf2+ 48. Kg3 Bc5 49. Re6 f4+ 50. Kh4 Be7+ 0-1

[Event "BLR-ch (Women) 80th"]
[Site "Minsk"]
[Date "2024.01.11"]
[Round "2"]
[White "Abramkina, Veranika"]
[Black "Zeliantsova, Kseniya"]
[Result "0-1"]
[WhiteElo "1808"]
[BlackElo "1923"]
[PlyCount "76"]
[EventDate "2024.01.10"]
[EventType "tourn"]
[EventRounds "9"]
[EventCountry "BLR"]
[SourceTitle "CB04_2024"]
[SourceDate "2023.10.16"]
[SourceVersion "1"]
[SourceVersionDate "2023.10.16"]
[SourceQuality "1"]

1. d4 d6 2. Nf3 Nf6 3. c4 g6 4. Nc3 Bg7 5. e4 0-0 6. Be2 c6 7. 0-0 Qc7 8. Qc2 e5 9. d5 Nbd7 10. Rd1 a5 11. dxc6 bxc6 12. a3 Nc5 13. Be3 Ne6 14. Qd2 Rd8 15. Ng5 Nf8 16. h3 Bb7 17. Na4 c5 18. Nc3 h6 19. Nf3 Nxe4 20. Nxe4 Bxe4 21. Bxh6 Rab8 22. Bxg7 Kxg7 23. Ng5 Bc6 24. Bg4 Qb7 25. Bf3 e4 26. Bg4 Qxb2 27. Qxa5 Qe5 28. Qc7 Bd7 29. Bxd7 Nxd7 30. h4 e3 31. Nf3 exf2+ 32. Kf1 Qe4 33. Qxd6 Nf6 34. Qe5 Qxc4+ 35. Qe2 Qxe2+ 36. Kxe2 Rb2+ 37. Rd2 Rdxd2+ 38. Nxd2 Ne4 0-1

[Event "RUS-chT Blitz (Women)"]
[Site "Sochi"]
[Date "2023.10.17"]
[Round "12.8"]
[White "Reger, Valeriia"]
[Black "Zeliantsova, Kseniya"]
[Result "0-1"]
[WhiteElo "1993"]
[BlackElo "1867"]
[PlyCount "97"]
[EventDate "2023.10.17"]
[EventType "team-tourn (blitz)"]
[EventRounds "13"]
[EventCountry "RUS"]
[SourceTitle "Mega2024 Update 01"]
[Source "Chessbase"]
[SourceDate "2023.11.12"]
[SourceVersion "1"]
[SourceVersionDate "2023.11.12"]
[SourceQuality "1"]
[WhiteTeam "St Petersburg SShOR (W) II"]
[BlackTeam "Belarus (W)"]
[WhiteTeamCountry "RUS"]
[BlackTeamCountry "BLR"]

1. d4 Nf6 2. c4 g6 3. Nc3 d6 4. e4 Bg7 5. Be2 0-0 6. Be3 c5 7. d5 e6 8. Nf3 exd5 9. cxd5 b5 10. Bxb5 Nxe4 11. Nxe4 Qa5+ 12. Nc3 Bxc3+ 13. bxc3 Qxb5 14. Nd2 Qd3 15. c4 Nd7 16. Qb3 Ne5 17. Qxd3 Nxd3+ 18. Ke2 Ne5 19. h3 Ba6 20. Rhc1 Rfe8 21. f4 Nd7 22. Kd3 Nb6 23. Ne4 Nxd5 24. Bd2 f5 25. Nxd6 Red8 26. Nb5 Bxb5 27. cxb5 Nxf4+ 28. Kc2 Nxg2 29. Bg5 Rd4 30. Rg1 Nh4 31. Bf6 Re4 32. Rae1 Nf3 33. Rxe4 fxe4 34. Rg4 Re8 35. Rg2 Kf7 36. Bc3 e3 37. Bd4 cxd4 38. Kd3 Rd8 39. a4 Ke6 40. Rc2 Rd7 41. a5 Kd5 42. Rb2 Rb7 43. Rb4 Kc5 44. Rxd4 Rxb5 45. Rc4+ Kd5 46. Rd4+ Ke5 47. Re4+ Kf5 48. Rd4 Re5 49. Ke2 0-1

[Event "St Petersburg Korchnoi Memorial op"]
[Site "St Petersburg"]
[Date "2023.08.21"]
[Round "6"]
[White "Zeliantsova, Kseniya"]
[Black "Shaposhnikov, Lev"]
[Result "1/2-1/2"]
[WhiteElo "2023"]
[BlackElo "1442"]
[PlyCount "110"]
[EventDate "2023.08.18"]
[EventType "swiss"]
[EventRounds "9"]
[EventCountry "RUS"]
[SourceTitle "EXT 2024"]
[Source "ChessBase"]
[SourceDate "2023.10.10"]
[SourceVersion "1"]
[SourceVersionDate "2023.10.10"]
[SourceQuality "1"]

1. e4 c6 2. d4 d5 3. e5 Bf5 4. h4 h5 5. Bd3 Bxd3 6. Qxd3 e6 7. Nf3 Qa5+ 8. Nbd2 Qa6 9. c4 Ne7 10. 0-0 Nf5 11. Qc3 Nd7 12. b4 dxc4 13. Nxc4 Nb6 14. Ne3 Ne7 15. Bd2 Ned5 16. Qb3 Qa4 17. Qxa4 Nxa4 18. Nxd5 cxd5 19. Rac1 Kd7 20. Ng5 f6 21. Nh3 f5 22. Nf4 Nb2 23. f3 Nc4 24. Bc3 Be7 25. Ng6 Rh6 26. Nxe7 Kxe7 27. b5 Rhh8 28. Bb4+ Kd7 29. Rc3 Rac8 30. Rfc1 Nb2 31. Bd6 Rxc3 32. Rxc3 Nc4 33. Bb4 a6 34. bxa6 bxa6 35. f4 Rb8 36. Bc5 Rb2 37. Rg3 Rxa2 38. Rxg7+ Kc6 39. Re7 Ne3 40. Rxe6+ Kb5 41. Rb6+ Kc4 42. e6 Ra1+ 43. Kf2 Ng4+ 44. Ke2 Ra2+ 45. Ke1 Kc3 46. Rb1 Rb2 47. Ra1 Rxg2 48. Ra3+ Kc4 49. e7 Nf6 50. Rxa6 Ne8 51. Rh6 Kd3 52. Rh8 Nf6 53. Kf1 Re2 54. Rf8 Ng4 55. Kg1 Nh2 1/2-1/2

[Event "Moscow (Women) op 19th"]
[Site "Moscow"]
[Date "2023.07.22"]
[Round "8"]
[White "Zeliantsova, Kseniya"]
[Black "Charochkina, Daria"]
[Result "0-1"]
[WhiteElo "2091"]
[BlackElo "2339"]
[PlyCount "118"]
[EventDate "2023.07.17"]
[EventType "swiss"]
[EventRounds "9"]
[EventCountry "RUS"]
[SourceTitle "CBM 215 Extra"]
[Source "ChessBase"]
[SourceDate "2023.09.30"]
[SourceVersion "1"]
[SourceVersionDate "2023.09.30"]
[SourceQuality "1"]

1. e4 c6 2. d4 d5 3. Nd2 dxe4 4. Nxe4 Nf6 5. Ng3 h5 6. h4 Qc7 7. Be2 Bg4 8. Nf3 Nbd7 9. Bg5 0-0-0 10. c3 Kb8 11. Qa4 Nd5 12. 0-0 f6 13. Bd2 g5 14. hxg5 h4 15. Nh2 hxg3 16. Nxg4 f5 17. Nh6 Bxh6 18. gxh6 Nf4 19. Bf3 Rdg8 20. d5 gxf2+ 21. Rxf2 Nh3+ 22. Kf1 Nxf2 23. Bf4 Ne5 24. Re1 Nfd3 25. Rxe5 Nxf4 26. Qxf4 Rxh6 27. dxc6 Re6 28. Rxf5 Qxf4 29. Rxf4 bxc6 30. Rb4+ Kc7 31. Ra4 Kb6 32. Rb4+ Kc7 33. Ra4 Ra8 34. Kf2 a5 35. g4 Rf8 36. g5 Re5 37. Rg4 Ref5 38. Rg3 Rg8 39. g6 Rf6 40. g7 Rf7 41. Rg6 Kd7 42. Rg5 Rgxg7 43. Rxa5 Rg6 44. Ra3 Rh6 45. Rb3 Kd6 46. c4 Kc5 47. Ke3 Rh3 48. Ke2 Rh2+ 49. Ke3 Rc2 50. Be2 Rf6 51. Bd3 Rh2 52. Rb7 Re6+ 53. Kf4 Rf2+ 54. Kg3 Rf8 55. Kg4 Re1 56. b4+ Kd6 57. c5+ Kd5 58. Kh4 Rg1 59. Rxe7 Rh8+ 0-1

[Event "Wch U18 Girls blitz"]
[Site "Batumi"]
[Date "2023.06.11"]
[Round "7"]
[White "Bodnaruk, Kseniya"]
[Black "Zeliantsova, Kseniya"]
[Result "1/2-1/2"]
[WhiteElo "1915"]
[BlackElo "1972"]
[PlyCount "102"]
[EventDate "2023.06.10"]
[EventType "swiss (blitz)"]
[EventRounds "11"]
[EventCountry "GEO"]
[SourceTitle "EXT 2024"]
[Source "ChessBase"]
[SourceDate "2023.10.10"]
[SourceVersion "1"]
[SourceVersionDate "2023.10.10"]
[SourceQuality "1"]
[WhiteTeam "FIDE"]
[BlackTeam "FIDE"]

1. e4 c5 2. Nf3 e6 3. d4 cxd4 4. Nxd4 Nf6 5. Nc3 Nc6 6. Be2 Bc5 7. Nb3 Be7 8. 0-0 0-0 9. Be3 d5 10. exd5 exd5 11. Bf3 Be6 12. Nd4 Ne5 13. h3 Nc4 14. Bc1 Qb6 15. b3 Nd6 16. Re1 Nc8 17. Bf4 Bb4 18. Na4 Qa6 19. c3 Be7 20. Nxe6 fxe6 21. Be5 b5 22. Nb2 Nd7 23. Bd4 Bf6 24. Bg4 Re8 25. Qe2 Kf7 26. Nd3 Qd6 27. f4 Ncb6 28. Ne5+ Bxe5 29. fxe5 Qe7 30. Rf1+ Kg8 31. Qxb5 Rab8 32. Qd3 Nc5 33. Bxc5 Qxc5+ 34. Qd4 Qc6 35. Rf3 Nd7 36. Raf1 a5 37. c4 Rb4 38. Bh5 g6 39. Rf7 Qc5 40. Qxc5 Nxc5 41. Be2 a4 42. Rc7 Na6 43. Rc6 Nb8 44. Rc7 Na6 45. Rc6 Nb8 46. Rd6 axb3 47. axb3 Rxb3 48. cxd5 exd5 49. Rxd5 Re3 50. Bc4 Kg7 51. Rb5 R3xe5 1/2-1/2

[Event "Wch U18 Girls blitz"]
[Site "Batumi"]
[Date "2023.06.10"]
[Round "5"]
[White "Mihelic, Vesna"]
[Black "Zeliantsova, Kseniya"]
[Result "0-1"]
[WhiteElo "1905"]
[BlackElo "1972"]
[PlyCount "63"]
[EventDate "2023.06.10"]
[EventType "swiss (blitz)"]
[EventRounds "11"]
[EventCountry "GEO"]
[SourceTitle "EXT 2024"]
[Source "ChessBase"]
[SourceDate "2023.10.10"]
[SourceVersion "1"]
[SourceVersionDate "2023.10.10"]
[SourceQuality "1"]
[WhiteTeam "Slovenia"]
[BlackTeam "FIDE"]
[WhiteTeamCountry "SLO"]

1. e4 d6 2. d4 Nf6 3. Nc3 g6 4. Be3 Bg7 5. f4 0-0 6. Nf3 c5 7. Be2 cxd4 8. Bxd4 Nc6 9. 0-0 Nxd4 10. Nxd4 Qb6 11. Na4 Qa5 12. Nc3 e5 13. Nb3 Qb6+ 14. Kh1 exf4 15. Rxf4 Be6 16. Nd5 Bxd5 17. exd5 Rae8 18. Bf3 Re5 19. Rd4 Rfe8 20. Qd2 Nd7 21. Rb4 Qc7 22. Rf1 R5e7 23. c3 Ne5 24. Nd4 Nxf3 25. Nxf3 Re2 26. Qf4 a5 27. Rc4 Qe7 28. Ng5 Re1 29. Nh3 Bh6 30. Qf2 Rxf1+ 31. Qxf1 Qe1 32. Kg1 0-1

[Event "Wch U18 Girls blitz"]
[Site "Batumi"]
[Date "2023.06.10"]
[Round "1"]
[White "Zeliantsova, Kseniya"]
[Black "Mamardashvili, Ana"]
[Result "1-0"]
[WhiteElo "1972"]
[BlackElo "1491"]
[PlyCount "69"]
[EventDate "2023.06.10"]
[EventType "swiss (blitz)"]
[EventRounds "11"]
[EventCountry "GEO"]
[SourceTitle "EXT 2024"]
[Source "ChessBase"]
[SourceDate "2023.10.10"]
[SourceVersion "1"]
[SourceVersionDate "2023.10.10"]
[SourceQuality "1"]
[WhiteTeam "FIDE"]
[BlackTeam "Georgia"]
[BlackTeamCountry "GEO"]

1. e4 d6 2. d4 Nf6 3. Nc3 g6 4. Nf3 Bg7 5. Be2 0-0 6. 0-0 Bg4 7. h3 Bxf3 8. Bxf3 Nc6 9. Be3 e5 10. dxe5 dxe5 11. Be2 Qe7 12. Bc4 h6 13. Nd5 Nxd5 14. Bxd5 Rad8 15. c3 Qd6 16. Qb3 b6 17. Rad1 Qf6 18. f4 Na5 19. Qa4 c6 20. fxe5 Qxe5 21. Bxf7+ Kh7 22. Rxd8 Rxd8 23. Qc2 c5 24. Bd5 Rxd5 25. Bf4 Qe6 26. exd5 Qxd5 27. Rd1 Qf7 28. Qe4 b5 29. Be5 c4 30. Bxg7 Qxg7 31. Qe6 Qf8 32. Rd7+ Kh8 33. Qxg6 Qc5+ 34. Kh1 Qf8 35. Qh7# 1-0

[Event "Wch U18 Girls rapid"]
[Site "Batumi"]
[Date "2023.06.07"]
[Round "5"]
[White "Zeliantsova, Kseniya"]
[Black "Mihelic, Vesna"]
[Result "1/2-1/2"]
[WhiteElo "1993"]
[BlackElo "2059"]
[PlyCount "158"]
[EventDate "2023.06.06"]
[EventType "swiss (rapid)"]
[EventRounds "11"]
[EventCountry "GEO"]
[SourceTitle "CBM 214 Extra"]
[Source "ChessBase"]
[SourceDate "2023.07.31"]
[SourceVersion "1"]
[SourceVersionDate "2023.07.31"]
[SourceQuality "1"]

1. e4 e5 2. Nc3 Nf6 3. Bc4 Nc6 4. d3 Bc5 5. f4 d6 6. Nf3 h6 7. Na4 Bb6 8. Nxb6 axb6 9. c3 Qe7 10. 0-0 0-0 11. fxe5 Nxe5 12. Nxe5 Qxe5 13. Bf4 Qc5+ 14. Kh1 Nxe4 15. Qe2 d5 16. Bxd5 Qxd5 17. dxe4 Qc6 18. Qf3 Ra4 19. b4 Ra3 20. Be5 Qg6 21. Bxc7 Bg4 22. Qg3 Rc8 23. Be5 Be2 24. Qxg6 fxg6 25. Rf2 Bc4 26. Bd4 b5 27. h3 Rca8 28. Rd1 Rxa2 29. Rxa2 Rxa2 30. Bc5 Re2 31. Rd8+ Kf7 32. Rd7+ Kf6 33. Bd4+ Kg5 34. Rxg7 Rxe4 35. Rxb7 Re2 36. Rd7 h5 37. Kg1 Ra2 38. Rd6 Re2 39. Bf6+ Kf5 40. Bd4 Re6 41. Rd8 Re2 42. Rf8+ Kg5 43. Bf2 Bd5 44. h4+ Kg4 45. Rd8 Bc4 46. Rd4+ Kf5 47. Rd6 Rc2 48. Bd4 Be6 49. Rb6 Rc1+ 50. Kh2 Bc4 51. Rf6+ Ke4 52. Rxg6 Be2 53. Re6+ Kd3 54. Re3+ Kd2 55. Re5 Kd3 56. Kg3 Rf1 57. Rc5 Kd2 58. Re5 Rf8 59. Kh2 Kd1 60. Rd5 Ke1 61. Bc5 Rf4 62. Be7 Re4 63. Bg5 Bc4 64. Rd6 Be2 65. Bd2+ Kd1 66. Bg5+ Kc2 67. Bf6 Kb3 68. Rd2 Bc4 69. Rf2 Be2 70. g3 Kc4 71. Bd4 Kd3 72. Kg2 Kd2 73. Rf6 Re8 74. Rd6 Kc2 75. Ra6 Rf8 76. Re6 Bf3+ 77. Kg1 Kd2 78. Re5 Be2 79. Rd5 Kc2 1/2-1/2

[Event "Wch U18 Girls rapid"]
[Site "Batumi"]
[Date "2023.06.06"]
[Round "2"]
[White "Zeliantsova, Kseniya"]
[Black "Gasparyan, Milena"]
[Result "0-1"]
[WhiteElo "1993"]
[BlackElo "1762"]
[PlyCount "20"]
[EventDate "2023.06.06"]
[EventType "swiss (rapid)"]
[EventRounds "11"]
[EventCountry "GEO"]
[SourceTitle "CBM 214 Extra"]
[Source "ChessBase"]
[SourceDate "2023.07.31"]
[SourceVersion "1"]
[SourceVersionDate "2023.07.31"]
[SourceQuality "1"]

1. e4 b6 2. d4 Bb7 3. Nc3 Nf6 4. Bd3 e6 5. Nf3 Bb4 6. e5 Nd5 7. Bd2 d6 8. 0-0 dxe5 9. Nxd5 Bxd2 10. Qxd2 Nc6 0-1

[Event "MSU Interuniversity Cup"]
[Site "Moscow RUS"]
[Date "2023.05.18"]
[Round "9.1"]
[White "Zeliantsova, Kseniya"]
[Black "Makarova, Olga"]
[Result "1-0"]
[WhiteElo "1993"]
[BlackElo "1814"]
[PlyCount "85"]
[EventDate "2023.05.15"]
[EventType "team (rapid)"]
[EventRounds "9"]
[EventCountry "RUS"]
[SourceTitle "CBM 214 Extra"]
[Source "ChessBase"]
[SourceDate "2023.07.31"]
[SourceVersion "1"]
[SourceVersionDate "2023.07.31"]
[SourceQuality "1"]
[WhiteTeam "Belarus"]
[BlackTeam "SPbGU"]
[WhiteTeamCountry "BLR"]
[BlackTeamCountry "RUS"]

1. e4 e6 2. d4 d5 3. Nc3 Bb4 4. exd5 exd5 5. Bd3 Nf6 6. a3 Bxc3+ 7. bxc3 0-0 8. h3 c5 9. dxc5 Qa5 10. Ne2 Nbd7 11. 0-0 Nxc5 12. Be3 Nxd3 13. cxd3 Bf5 14. Ng3 Bg6 15. f4 Qxc3 16. f5 Qe5 17. Bf4 Qd4+ 18. Kh1 Nd7 19. fxg6 fxg6 20. Ne2 Qf6 21. d4 Nb6 22. Be5 Qe7 23. Nf4 Qd7 24. Qg4 Rf5 25. Nd3 Raf8 26. Rxf5 gxf5 27. Qf3 Nc4 28. Nc5 Qc6 29. Rc1 g6 30. Nd3 b6 31. Nb4 Nxe5 32. Nxc6 Nxf3 33. gxf3 Rf7 34. Ne5 Re7 35. Rc8+ Kg7 36. Rd8 Rc7 37. Rxd5 Rc1+ 38. Kg2 f4 39. Rd7+ Kf6 40. Rxa7 Rc2+ 41. Kf1 h5 42. Rb7 Rb2 43. Rxb6+ 1-0

[Event "MSU Interuniversity Cup"]
[Site "Moscow RUS"]
[Date "2023.05.15"]
[Round "2.2"]
[White "Bektemir Uulu, Kairat"]
[Black "Zeliantsova, Kseniya"]
[Result "0-1"]
[WhiteElo "1512"]
[BlackElo "1993"]
[PlyCount "72"]
[EventDate "2023.05.15"]
[EventType "team (rapid)"]
[EventRounds "9"]
[EventCountry "RUS"]
[SourceTitle "CBM 214 Extra"]
[Source "ChessBase"]
[SourceDate "2023.07.31"]
[SourceVersion "1"]
[SourceVersionDate "2023.07.31"]
[SourceQuality "1"]
[WhiteTeam "Kyrgyzstan"]
[BlackTeam "Belarus"]
[WhiteTeamCountry "KGZ"]
[BlackTeamCountry "BLR"]

1. d4 Nf6 2. Nf3 g6 3. Bf4 Bg7 4. e3 d6 5. h3 0-0 6. Nbd2 Nc6 7. c3 Nd7 8. Bg5 h6 9. Bh4 Qe8 10. Bc4 e5 11. 0-0 Kh7 12. d5 Ne7 13. Bxe7 Qxe7 14. e4 f5 15. Nh2 Nf6 16. f3 Nh5 17. exf5 gxf5 18. Kh1 Ng3+ 19. Kg1 Nxf1 20. Qxf1 Bf6 21. Bd3 Bg5 22. Qe2 Bd7 23. Kh1 Bf4 24. Rg1 Rg8 25. Ndf1 Rg7 26. Ne3 e4 27. fxe4 fxe4 28. Bc2 Kh8 29. Neg4 Re8 30. g3 Bxg3 31. Rxg3 h5 32. Re3 hxg4 33. Rxe4 Qf7 34. Nxg4 Qxd5 35. Qf3 Rxe4 36. Bxe4 Qxe4 0-1